000
00226 a2200109 4500
003
Nust
005
20170207154222.0
040
_c
Nust
082
_a
371.33
245
_a
Volcano (VHS-102)
440
_a
Volcano (VHS-102)
538
_a
Duration(in Minutes-140)
999
_c
195373
_d
195373